[Event "FRA-chT U20a 0405"]
[Site "France"]
[Date "2005.05.14"]
[Round "8.5"]
[White "Lagarde, Maxime"]
[Black "Pierre, Alexis"]
[Result "1-0"]
[WhiteElo "1780"]
[BlackElo "1550"]
[PlyCount "35"]
[EventDate "2004.11.19"]
[EventType "team"]
[EventRounds "11"]
[EventCountry "FRA"]
[SourceTitle "EXT 2006"]
[Source "ChessBase"]
[SourceDate "2005.11.24"]
[SourceVersion "1"]
[SourceVersionDate "2005.11.24"]
[SourceQuality "1"]

1. e4 c5 2. Nf3 e6 3. b3 Nc6 4. Bb2 Nf6 5. e5 Nd5 6. Be2 Qc7 7. c4 Nf4 8. Nc3 Nxe5 9. 0-0 Nxe2+ 10. Qxe2 Nxf3+ 11. Qxf3 a6 12. Rfe1 Be7 13. Qg4 Kf8 14. Nd5 Qd6 15. Qxg7+ Ke8 16. Qxh8+ Bf8 17. Bg7 b5 18. Nc7+ 1-0

[Event "St Chely d'Aubrac op 4th"]
[Site "St Chely d'Aubrac"]
[Date "2004.07.23"]
[Round "8"]
[White "Croux, Laurent"]
[Black "Pierre, Alexis"]
[Result "1-0"]
[WhiteElo "1770"]
[BlackElo "1580"]
[PlyCount "33"]
[EventDate "2004.07.17"]
[EventType "swiss"]
[EventRounds "9"]
[EventCountry "FRA"]
[SourceTitle "CBM 101 Extra"]
[Source "ChessBase"]
[SourceDate "2004.09.01"]
[SourceVersion "2"]
[SourceVersionDate "2004.09.01"]
[SourceQuality "1"]

1. e4 c5 2. Nf3 Nc6 3. d3 Nf6 4. g3 d6 5. Bg2 e6 6. 0-0 Be7 7. a4 0-0 8. Nbd2 Qc7 9. Re1 b6 10. Nc4 Bb7 11. Bf4 Rfd8 12. c3 Rac8 13. Rc1 Qd7 14. e5 Nd5 15. exd6 Bxd6 16. Bxd6 Nf6 17. d4 1-0

[Event "St Chely d'Aubrac op 4th"]
[Site "St Chely d'Aubrac"]
[Date "2004.07.20"]
[Round "5"]
[White "Pierre, Alexis"]
[Black "Desboeufs, Alexandre"]
[Result "0-1"]
[WhiteElo "1580"]
[BlackElo "2010"]
[PlyCount "104"]
[EventDate "2004.07.17"]
[EventType "swiss"]
[EventRounds "9"]
[EventCountry "FRA"]
[SourceTitle "CBM 101 Extra"]
[Source "ChessBase"]
[SourceDate "2004.09.01"]
[SourceVersion "2"]
[SourceVersionDate "2004.09.01"]
[SourceQuality "1"]

1. d4 e6 2. c4 c5 3. Nf3 Nf6 4. Nc3 Be7 5. Bf4 a6 6. e3 0-0 7. Be2 d6 8. 0-0 Nh5 9. Bg3 Bf6 10. Qc2 Nxg3 11. hxg3 cxd4 12. exd4 Nc6 13. Rad1 Re8 14. Kh2 Qb6 15. d5 Bxc3 16. dxc6 Bf6 17. Rxd6 bxc6 18. b3 Qc5 19. Rd2 Qh5+ 20. Kg1 Qh6 21. Qe4 Rb8 22. Rfd1 Bb7 23. c5 Qg6 24. Qxg6 hxg6 25. Rd7 Kf8 26. Nd2 Be7 27. b4 Bc8 28. Rd4 Bf6 29. Re4 Bc3 30. a3 f5 31. Re3 Bd4 32. Rd3 e5 33. Nb3 Bb2 34. Na5 e4 35. Rb3 Be5 36. Nxc6 Ra8 37. Nxe5 Rxe5 38. c6 Be6 39. Rc3 a5 40. c7 axb4 41. axb4 Bc8 42. b5 Re8 43. Rd8 Ke7 44. Rxe8+ Kxe8 45. b6 Ra1+ 46. Kh2 Rb1 47. Ba6 Bxa6 48. c8Q+ Bxc8 49. Rxc8+ Kf7 50. Rc7+ Kf6 51. Rc6+ Kg5 52. Kh3 Rh1# 0-1

[Event "FRA-chT U20 0203"]
[Site "Clichy"]
[Date "2002.12.01"]
[Round "3.9"]
[White "Pierre, Alexis"]
[Black "Saatdjian, Stephane"]
[Result "1-0"]
[WhiteElo "1190"]
[BlackElo "1009"]
[PlyCount "71"]
[EventDate "2002.12.??"]
[EventType "team"]
[EventRounds "11"]
[EventCountry "FRA"]
[SourceTitle "EXT 2004"]
[Source "ChessBase"]
[SourceDate "2003.11.25"]
[SourceVersion "1"]
[SourceVersionDate "2003.11.25"]
[SourceQuality "1"]
[WhiteTeam "Mulhouse"]
[BlackTeam "Nancy"]
[WhiteTeamCountry "FRA"]
[BlackTeamCountry "FRA"]

1. d4 Nf6 2. c4 e6 3. Nf3 d5 4. Nc3 dxc4 5. e4 Nc6 6. Bxc4 Bb4 7. Bg5 Be7 8. 0-0 0-0 9. Qc2 Nxd4 10. Nxd4 Qxd4 11. Bb3 Qe5 12. Bh4 Ng4 13. Bg3 Qh5 14. h3 Nf6 15. Bxc7 Bd7 16. Bg3 Rac8 17. a3 Bb5 18. Rfe1 Rfd8 19. Qb1 Bd3 20. Qa2 Qg6 21. Red1 Nxe4 22. Bh2 Nxc3 23. bxc3 Rxc3 24. Be5 Rcc8 25. Rac1 Be4 26. f3 Bxf3 27. Rxd8+ Rxd8 28. Rc7 Bxa3 29. Bxe6 fxe6 30. Rxg7+ Qxg7 31. Bxg7 Rd1+ 32. Kf2 Kxg7 33. Qxa3 Bc6 34. Qe7+ Kg6 35. Qxe6+ Kg7 36. Qg4+ 1-0

[Event "FRA-chT 0102 U18"]
[Site "France"]
[Date "2002.??.??"]
[Round "11.10"]
[White "Margenstern, Rodolphe"]
[Black "Pierre, Alexis"]
[Result "1-0"]
[WhiteElo "1540"]
[BlackElo "1310"]
[PlyCount "31"]
[EventDate "2001.10.??"]
[EventType "team"]
[EventRounds "11"]
[EventCountry "FRA"]
[SourceTitle "EXT 2003"]
[Source "ChessBase"]
[SourceDate "2002.11.25"]
[SourceVersion "1"]
[SourceVersionDate "2002.11.25"]
[SourceQuality "1"]
[WhiteTeam "Creteil"]
[BlackTeam "Mulhouse"]
[WhiteTeamCountry "FRA"]
[BlackTeamCountry "FRA"]

1. e4 c5 2. Nf3 Nc6 3. d4 cxd4 4. Nxd4 Nf6 5. Nc3 e5 6. Ndb5 d6 7. Nd5 a6 8. Nbc7+ Kd7 9. Nxa8 Nxe4 10. Nab6+ Ke8 11. Nxc8 Qxc8 12. Bd3 Nc5 13. Be3 Qe6 14. Nc7+ Kd8 15. Nxe6+ Nxe6 16. 0-0 1-0